00397nam a2200157Ia 45000010006000000050017000060080041000230410008000640820015000721000026000872450073001132600009001863000028001956500008002236540008002311314320260306163032.0260306t2010||||xx |||||||||||||| ||spa|| aESP a121.4bF78 aFoucault, MicheleAUT 0aLas palabras y las cosas:buna arqueología de las ciencias humanas c2010 a398 páginas :c23 cm. aGEN aCHU